LEADER 01253nam 2200325Ia 450 001 996394020903316 005 20221108023402.0 035 $a(CKB)3810000000004554 035 $a(EEBO)2240918127 035 $a(OCoLC)10836057 035 $a(EXLCZ)993810000000004554 100 $a19840612d1689 uy | 101 0 $aeng 135 $aurbn||||a|bb| 200 12$aA sermon preached before the House of Commons, on the 31st of January, 1688$b[electronic resource] $ebeing the thanksgiving-day for the deliverance of this kingdom from popery and arbitrary power by His Highness the Prince of Oranges means /$fby Gilbert Burnet 210 $aBoston [Mass.] $cPrinted by S. Green and sold by Samuel Phillips$d1689 215 $a[4], 23 p 300 $aThe date of the sermon is January 31, 1689. 300 $aReproduction of original in the Harvard University Library. 330 $aeebo-0062 606 $aSermons, English$y17th century 615 0$aSermons, English 700 $aBurnet$b Gilbert$f1643-1715.$0193326 801 0$bUMI 801 1$bUMI 801 2$bWaOLN 906 $aBOOK 912 $a996394020903316 996 $aA sermon preached before the House of Commons, on the 31st of January, 1688$92379739 997 $aUNISA LEADER 01104nam0 22002651i 450 001 UON00219644 005 20231205103409.25 100 $a20030730d1972 |0itac50 ba 101 $aeng 102 $aGB 105 $a|||| ||||| 200 1 $aˆThe ‰ poetic modes of Octavio Paz$fRachel Phillips 210 $aOxford$cOxford University Press$d1972. 168 p. ; 23 cm 410 1$1001UON00175685$12001 $aOxford modern languages and literature monographs$1210 $aOxford$cOxford University Press 606 $aPAZ OCTAVIO$3UONC044659$2FI 620 $aGB$dOxford$3UONL000029 676 $aM861$cLetteratura messicana. Poesia$v21 700 1$aPHILLIPS$bRachel$3UONV133144$0684882 712 $aOxford University Press$3UONV245947$4650 801 $aIT$bSOL$c20240220$gRICA 899 $aSIBA - SISTEMA BIBLIOTECARIO DI ATENEO$2UONSI 912 $aUON00219644 950 $aSIBA - SISTEMA BIBLIOTECARIO DI ATENEO$dSI Isp.A M 860 b 013 $eSI SP 6049 5 013 $sBuono 996 $aPoetic modes of Octavio Paz$91266737 997 $aUNIOR